00778nam a2200253 a 4500001001300000003000900013005001700022008004100039020002300080082001300103100002600116245004400142260004200186300000900228500003500237505003300272650001700305650002800322700002600350902000800376942000700384952011600391999001700507nice12345678IN_TiNIC20260116015007.0050524s1995 leia grp 000 0 eng  a0851114 c10000a010bDUD aDudley Timothy, Smith aJohn Stottb Comprehensive Bibliography aLeicesterbInter Varsity Press c1995 a156p aincludes index and biblioraphy2 aAlphabetical Index of Titles aBibliography aJohn Stott-Bibliography1 aDudley Timothy, Smith bSRS cBK 001040708StackRoom-aHMIbHMId2007-03-15g100.00l0o010 DUDp11000433r2007-03-15v100.00w2005-05-24yBK c17875d17875